000 00571nam a2200241Ia 4500
003 OSt
005 20220912153109.0
006 a|||||r|||| 00| 0
007 ta
008 220909b |||||||| |||| 00| 0 eng d
024 _a21548
037 _cTextual
040 _aCSL
_beng
_cCSL
041 _aeng
082 _aY7xM92x, L6
100 _aHallowell A L
245 0 _aContributions to anthropology
260 _c1976
300 _ap.
_ccm.
650 _aEnthnology
942 _hY7xM92x, L6
_cTEXL
_2CC
999 _c97962
_d97962